[Event "Titled Tuesday intern op 28th Mar Early"]
[Site "Chess.com INT"]
[Date "2023.03.28"]
[Round "1"]
[White "Goncharov, Vladimir"]
[Black "Wilson, Elvin"]
[Result "0-1"]
[WhiteElo "2077"]
[BlackElo "2183"]
[PlyCount "118"]
[EventDate "2023.03.28"]
[EventType "swiss (blitz)"]
[EventRounds "11"]
[EventCountry "USA"]
[SourceTitle "EXT 2024"]
[Source "ChessBase"]
[SourceDate "2023.10.10"]
[SourceVersion "1"]
[SourceVersionDate "2023.10.10"]
[SourceQuality "1"]

1. d4 Nf6 2. c4 e6 3. Nc3 Bb4 4. e3 0-0 5. Bd3 d5 6. Nf3 c5 7. 0-0 cxd4 8. exd4 dxc4 9. Bxc4 b6 10. Qe2 Bb7 11. Rd1 Nbd7 12. a3 Bxc3 13. bxc3 Rc8 14. Bd2 Qc7 15. Bd3 Ng4 16. Bxh7+ Kh8 17. Be4 Bxe4 18. Qxe4 Ngf6 19. Qh4+ Kg8 20. Ng5 Qd6 21. Bf4 Qd5 22. Rd3 Rfe8 23. Rh3 Kf8 24. Qh8+ Ke7 25. Qxg7 Rf8 26. Re1 Rc6 27. Rhe3 Ke8 28. Nh7 Rg8 29. Nxf6+ Nxf6 30. Qxg8+ Nxg8 31. h3 Nf6 32. Be5 Nd7 33. Bg3 Ke7 34. h4 Qb3 35. h5 Rxc3 36. h6 Rxe3 37. Rxe3 Qb1+ 38. Kh2 Qg6 39. Bf4 Qh5+ 40. Kg1 Qg6 41. Rh3 Qh7 42. Bg5+ f6 43. Be3 Nf8 44. g4 Ng6 45. f4 f5 46. g5 Kd7 47. Kf2 Kc6 48. Rh1 Kd5 49. Kf3 Nf8 50. Rc1 Qg6 51. Rc8 Qh5+ 52. Kf2 Qh2+ 53. Kf3 Qh1+ 54. Kf2 Qh4+ 55. Kf3 Ng6 56. Rg8 Qh5+ 57. Kf2 Qh4+ 58. Kf3 Kc4 59. Rg7 Kd3 0-1

[Event "Titled Tuesday intern op 28th Mar Early"]
[Site "Chess.com INT"]
[Date "2023.03.28"]
[Round "9"]
[White "Tanmay, Jain"]
[Black "Wilson, Elvin"]
[Result "0-1"]
[WhiteElo "2132"]
[BlackElo "2183"]
[PlyCount "136"]
[EventDate "2023.03.28"]
[EventType "swiss (blitz)"]
[EventRounds "11"]
[EventCountry "USA"]
[SourceTitle "EXT 2024"]
[Source "ChessBase"]
[SourceDate "2023.10.10"]
[SourceVersion "1"]
[SourceVersionDate "2023.10.10"]
[SourceQuality "1"]

1. e4 e6 2. d4 d5 3. exd5 exd5 4. Nf3 Nf6 5. g3 c5 6. Bg2 c4 7. 0-0 Be7 8. h3 0-0 9. Re1 Nc6 10. Ne5 Be6 11. c3 Rc8 12. Qa4 a6 13. Bf4 Nd7 14. Nxd7 Qxd7 15. b3 cxb3 16. axb3 Bxh3 17. Bxh3 Qxh3 18. Nd2 Bf6 19. Re3 Nd8 20. Nf3 Ne6 21. Be5 Bg5 22. Nxg5 Nxg5 23. Rae1 Qf5 24. Kg2 Ne4 25. Rf3 Qg6 26. Qd7 Qc6 27. Qg4 f6 28. c4 fxe5 29. Rxf8+ Rxf8 30. cxd5 Nf6 31. dxc6 Nxg4 32. cxb7 Rb8 33. f3 Nf6 34. dxe5 Ne8 35. Ra1 Nc7 36. e6 Rxb7 37. e7 Kf7 38. f4 Kxe7 39. Ra3 h5 40. Kf3 g6 41. Ke4 Ke6 42. Kd4 Rb4+ 43. Ke3 Kd6 44. Kd3 Kc6 45. Kc3 Nd5+ 46. Kd3 Kb5 47. Kd2 Nf6 48. Ke3 Ne4 49. Kf3 Nd2+ 50. Kg2 Nxb3 51. Ra2 a5 52. Kh3 a4 53. Kh4 Nd4 54. Kg5 Kc4 55. Kxg6 Kb3 56. Rf2 a3 57. f5 Nxf5 58. Kxf5 Rg4 59. Rf3+ Kb2 60. Rf2+ Kb1 61. Rf1+ Kc2 62. Rf2+ Kb3 63. Rf3+ Ka4 64. Rf2 Rxg3 65. Kf4 h4 66. Rh2 Rb3 67. Rxh4 a2 68. Rh7 Ka3 0-1

[Event "Titled Tuesday intern op 28th Mar Early"]
[Site "Chess.com INT"]
[Date "2023.03.28"]
[Round "11"]
[White "Vivas Zamora, Fabian Ernesto"]
[Black "Wilson, Elvin"]
[Result "0-1"]
[WhiteElo "2346"]
[BlackElo "2183"]
[PlyCount "48"]
[EventDate "2023.03.28"]
[EventType "swiss (blitz)"]
[EventRounds "11"]
[EventCountry "USA"]
[SourceTitle "EXT 2024"]
[Source "ChessBase"]
[SourceDate "2023.10.10"]
[SourceVersion "1"]
[SourceVersionDate "2023.10.10"]
[SourceQuality "1"]

1. c4 Nf6 2. Nc3 c5 3. Nf3 e6 4. d4 cxd4 5. Nxd4 d6 6. g3 Nc6 7. Bg2 Bd7 8. 0-0 a6 9. b3 Rc8 10. Bb2 Be7 11. e3 0-0 12. f4 Qa5 13. Rc1 Rfd8 14. g4 d5 15. g5 Ne4 16. Nxe4 dxe4 17. Bxe4 Nxd4 18. Qxd4 Bf8 19. Qd3 Bc6 20. Bxh7+ Kh8 21. Qc2 Bc5 22. Rce1 Rd2 23. Rf2 Rxc2 24. Bxc2 Qxe1+ 0-1

[Event "Titled Tuesday intern op 28th Mar Early"]
[Site "Chess.com INT"]
[Date "2023.03.28"]
[Round "5"]
[White "Wilson, Elvin"]
[Black "Roebers, Eline"]
[Result "1-0"]
[WhiteElo "2183"]
[BlackElo "2362"]
[PlyCount "105"]
[EventDate "2023.03.28"]
[EventType "swiss (blitz)"]
[EventRounds "11"]
[EventCountry "USA"]
[SourceTitle "EXT 2024"]
[Source "ChessBase"]
[SourceDate "2023.10.10"]
[SourceVersion "1"]
[SourceVersionDate "2023.10.10"]
[SourceQuality "1"]

1. c4 f5 2. g3 Nf6 3. Bg2 g6 4. Nc3 Bg7 5. d3 0-0 6. e4 d6 7. Nge2 Nc6 8. 0-0 e5 9. exf5 gxf5 10. f4 Be6 11. Kh1 Qd7 12. Be3 Rae8 13. Qd2 a6 14. Rae1 e4 15. b3 exd3 16. Qxd3 Nb4 17. Qd2 c5 18. Rd1 Rd8 19. Rfe1 b5 20. a3 Nc6 21. Nd5 Bxd5 22. cxd5 Ne7 23. b4 Ne4 24. Qd3 Rfe8 25. Rc1 Kh8 26. Kg1 Ng8 27. Red1 Ngf6 28. h3 Nh5 29. Kh2 Qf7 30. Bf3 Qg6 31. Rg1 Nhf6 32. Nc3 Qh6 33. Ne2 c4 34. Qc2 Nxd5 35. Bd4 Ndf6 36. Kg2 Qg6 37. Qb2 Nh5 38. Kh2 Nhf6 39. Rce1 Re6 40. Rg2 Rde8 41. Reg1 Nd5 42. Bxg7+ Qxg7 43. Qxg7+ Kxg7 44. Nd4 Rf6 45. Re2 Ndc3 46. Re3 Nd5 47. Re2 Rf7 48. Rge1 Ndc3 49. Re3 Nd5 50. Nxf5+ Rxf5 51. Rxe4 Rxe4 52. Bxe4 Rh5 53. g4 1-0

[Event "Titled Tuesday intern op 7th Mar Early"]
[Site "Chess.com INT"]
[Date "2023.03.07"]
[Round "9"]
[White "Osuna Vega, Enrique"]
[Black "Wilson, Elvin"]
[Result "0-1"]
[WhiteElo "2061"]
[BlackElo "2183"]
[PlyCount "42"]
[EventDate "2023.03.07"]
[EventType "swiss (blitz)"]
[EventRounds "11"]
[EventCountry "USA"]
[SourceTitle "EXT 2024"]
[Source "ChessBase"]
[SourceDate "2023.10.10"]
[SourceVersion "1"]
[SourceVersionDate "2023.10.10"]
[SourceQuality "1"]

1. e4 e6 2. d4 d5 3. Nc3 Bb4 4. Nge2 dxe4 5. a3 Bxc3+ 6. Nxc3 Nc6 7. Bb5 Nge7 8. Nxe4 0-0 9. Be3 f5 10. Bxc6 Nxc6 11. Ng5 f4 12. Qh5 h6 13. h4 fxe3 14. Qg6 exf2+ 15. Kf1 hxg5 16. hxg5 Rf5 17. Qh7+ Kf8 18. g6 Qxd4 19. Rh3 b6 20. Rd3 Ba6 21. Rad1 Rd8 0-1

[Event "Titled Tuesday intern op 7th Mar Early"]
[Site "Chess.com INT"]
[Date "2023.03.07"]
[Round "5"]
[White "Wilson, Elvin"]
[Black "Bilan, Danila"]
[Result "0-1"]
[WhiteElo "2183"]
[BlackElo "2303"]
[PlyCount "116"]
[EventDate "2023.03.07"]
[EventType "swiss (blitz)"]
[EventRounds "11"]
[EventCountry "USA"]
[SourceTitle "EXT 2024"]
[Source "ChessBase"]
[SourceDate "2023.10.10"]
[SourceVersion "1"]
[SourceVersionDate "2023.10.10"]
[SourceQuality "1"]

1. c4 c6 2. g3 d5 3. Nf3 Nf6 4. Bg2 Bf5 5. d4 e6 6. Nc3 Nbd7 7. Qb3 Qb6 8. c5 Qa6 9. Bf1 b5 10. a4 bxa4 11. Rxa4 Qc8 12. Qa3 Be7 13. Rxa7 Rxa7 14. Qxa7 0-0 15. e3 Ne4 16. Nxe4 Bxe4 17. Be2 e5 18. 0-0 exd4 19. exd4 Nf6 20. Ne5 Re8 21. f3 Bf5 22. b4 Nd7 23. Ba6 Qb8 24. Nxc6 Qxa7 25. Nxa7 Ra8 26. Bb7 Rxa7 27. Bxd5 Nf6 28. Bb3 Be6 29. Bxe6 fxe6 30. b5 Nd5 31. b6 Rb7 32. f4 Bf6 33. Rd1 Kf7 34. Kf1 Ne7 35. Ke2 Nd5 36. Kd3 Bd8 37. Bd2 Bxb6 38. Rb1 g6 39. Kc4 Rb8 40. cxb6 Rxb6 41. Ra1 Rc6+ 42. Kd3 Rc7 43. Ra6 Rd7 44. Ke4 Nf6+ 45. Kf3 Nd5 46. Ke4 Rb7 47. Kd3 Rb4 48. Ra7+ Kf6 49. Rxh7 Rb3+ 50. Kc2 Ra3 51. h4 Ra2+ 52. Kd3 Ra3+ 53. Ke2 Rxg3 54. Rb7 Kf5 55. Rf7+ Ke4 56. Rf8 Rg2+ 57. Kf1 Kf3 58. Re8 Rxd2 0-1

[Event "Titled Tuesday intern op 7th Mar Early"]
[Site "Chess.com INT"]
[Date "2023.03.07"]
[Round "4"]
[White "Wilson, Elvin"]
[Black "Johnson, Ben"]
[Result "1-0"]
[WhiteElo "2183"]
[BlackElo "1972"]
[PlyCount "65"]
[EventDate "2023.03.07"]
[EventType "swiss (blitz)"]
[EventRounds "11"]
[EventCountry "USA"]
[SourceTitle "EXT 2024"]
[Source "ChessBase"]
[SourceDate "2023.10.10"]
[SourceVersion "1"]
[SourceVersionDate "2023.10.10"]
[SourceQuality "1"]

1. c4 e6 2. g3 d5 3. Bg2 Nf6 4. Nf3 Be7 5. 0-0 0-0 6. b3 c5 7. e3 Nc6 8. Bb2 d4 9. exd4 cxd4 10. Re1 Re8 11. a3 a5 12. d3 Bc5 13. Ne5 Nxe5 14. Rxe5 Qc7 15. Re1 e5 16. Nd2 Bg4 17. Bf3 Qd7 18. Bxg4 Qxg4 19. Ne4 Qc8 20. Nxf6+ gxf6 21. Qf3 f5 22. Re2 Re6 23. Rae1 Bd6 24. Qxf5 Rg6 25. Qxc8+ Rxc8 26. Bc1 f6 27. Bd2 Bxa3 28. Bxa5 Ra8 29. Bd2 Bf8 30. f4 Ra3 31. Rb1 Ra2 32. Kf1 Bh6 33. f5 1-0

[Event "Titled Tuesday intern op 28th Feb Early"]
[Site "Chess.com INT"]
[Date "2023.02.28"]
[Round "10"]
[White "Novosel, Lovro"]
[Black "Wilson, Elvin"]
[Result "1-0"]
[WhiteElo "2353"]
[BlackElo "2183"]
[PlyCount "57"]
[EventDate "2023.02.28"]
[EventType "swiss (blitz)"]
[EventRounds "11"]
[EventCountry "USA"]
[SourceTitle "CBM 213 Extra"]
[Source "ChessBase"]
[SourceDate "2023.05.31"]
[SourceVersion "1"]
[SourceVersionDate "2023.05.31"]
[SourceQuality "1"]

1. d4 Nf6 2. Nf3 e6 3. g3 b5 4. Bg2 Bb7 5. 0-0 c5 6. Na3 a6 7. c4 b4 8. Nc2 cxd4 9. Ncxd4 Be7 10. b3 0-0 11. a3 a5 12. axb4 axb4 13. Bb2 Na6 14. Nb5 d5 15. cxd5 Nxd5 16. Ne5 Bf6 17. e4 Ne7 18. Nd6 Qc7 19. Nxb7 Qxb7 20. Qe2 Nc6 21. Nxc6 Bxb2 22. Qxb2 Qxc6 23. e5 Qb5 24. Bxa8 Rxa8 25. Ra4 Nc7 26. Rxa8+ Nxa8 27. Rd1 Qb8 28. Qd4 Qf8 29. Qd8 1-0

[Event "Titled Tuesday intern op 28th Feb Early"]
[Site "Chess.com INT"]
[Date "2023.02.28"]
[Round "5"]
[White "Sokac, Marko"]
[Black "Wilson, Elvin"]
[Result "1-0"]
[WhiteElo "2265"]
[BlackElo "2183"]
[PlyCount "53"]
[EventDate "2023.02.28"]
[EventType "swiss (blitz)"]
[EventRounds "11"]
[EventCountry "USA"]
[SourceTitle "CBM 213 Extra"]
[Source "ChessBase"]
[SourceDate "2023.05.31"]
[SourceVersion "1"]
[SourceVersionDate "2023.05.31"]
[SourceQuality "1"]

1. e4 e6 2. d4 d5 3. Nc3 Bb4 4. Nge2 dxe4 5. a3 Bxc3+ 6. Nxc3 Nc6 7. Be3 Nge7 8. Nxe4 0-0 9. Bd3 Nxd4 10. Qh5 Ndf5 11. 0-0-0 Ng6 12. Ng5 Nh6 13. Nxh7 Qh4 14. Qxh4 Nxh4 15. Nxf8 Kxf8 16. Bc5+ Kg8 17. Be4 f5 18. Rd8+ Kf7 19. Bf3 Nxf3 20. gxf3 b6 21. Bd4 Bb7 22. Rd7+ Kf8 23. Bxg7+ Ke8 24. Rxc7 Bxf3 25. Re1 Kd8 26. Rc3 Ng4 27. Rxf3 1-0

[Event "Titled Tuesday intern op 28th Feb Early"]
[Site "Chess.com INT"]
[Date "2023.02.28"]
[Round "11"]
[White "Wilson, Elvin"]
[Black "Bezerra, Natacio Goncalves"]
[Result "0-1"]
[WhiteElo "2183"]
[BlackElo "1991"]
[PlyCount "86"]
[EventDate "2023.02.28"]
[EventType "swiss (blitz)"]
[EventRounds "11"]
[EventCountry "USA"]
[SourceTitle "CBM 213 Extra"]
[Source "ChessBase"]
[SourceDate "2023.05.31"]
[SourceVersion "1"]
[SourceVersionDate "2023.05.31"]
[SourceQuality "1"]

1. c4 c6 2. g3 d5 3. Nf3 Nf6 4. Bg2 e6 5. 0-0 g6 6. b3 Bg7 7. Bb2 0-0 8. d3 Nbd7 9. Nbd2 b6 10. e4 dxe4 11. dxe4 Bb7 12. e5 Ng4 13. Qe2 Qc7 14. Rfe1 h5 15. h3 Nh6 16. Qe3 Nf5 17. Qf4 Bh6 18. Ng5 c5 19. Bxb7 Qxb7 20. Nde4 Kg7 21. Rad1 Rad8 22. Nd6 Nxd6 23. exd6+ Kg8 24. g4 hxg4 25. Qxg4 e5 26. Qh4 Bxg5 27. Qxg5 Rde8 28. Re3 Kg7 29. h4 f6 30. Qg3 Rh8 31. Rd5 Rh5 32. f4 exf4 33. Qxf4 Rxe3 34. Qxe3 Rxh4 35. Qe7+ Kh6 36. Bc1+ g5 37. Qf7 Rg4+ 38. Kf1 a5 39. Rd3 Qh1+ 40. Ke2 Rg2+ 41. Ke3 Qh3+ 42. Ke4 Rg4+ 43. Kf5 Rf4# 0-1

[Event "Titled Tuesday intern op 28th Feb Early"]
[Site "Chess.com INT"]
[Date "2023.02.28"]
[Round "4"]
[White "Wilson, Elvin"]
[Black "Lohani, Sujana"]
[Result "1-0"]
[WhiteElo "2183"]
[BlackElo "1743"]
[PlyCount "45"]
[EventDate "2023.02.28"]
[EventType "swiss (blitz)"]
[EventRounds "11"]
[EventCountry "USA"]
[SourceTitle "CBM 213 Extra"]
[Source "ChessBase"]
[SourceDate "2023.05.31"]
[SourceVersion "1"]
[SourceVersionDate "2023.05.31"]
[SourceQuality "1"]

1. c4 Nf6 2. g3 d6 3. Bg2 c6 4. Nc3 g6 5. e4 Bg7 6. Nge2 0-0 7. 0-0 Nbd7 8. d3 e5 9. h3 a5 10. Be3 Re8 11. Qd2 Nf8 12. f4 exf4 13. gxf4 Ne6 14. d4 Qe7 15. Ng3 Nc7 16. Rae1 h5 17. e5 dxe5 18. fxe5 Nh7 19. Nge4 Ne6 20. Qf2 Rf8 21. Nf6+ Bxf6 22. exf6 Qd7 23. Ne4 1-0

[Event "Titled Tuesday intern op 14th Feb Early"]
[Site "Chess.com INT"]
[Date "2023.02.14"]
[Round "5"]
[White "Ciuffoletti, Paolo"]
[Black "Wilson, Elvin"]
[Result "0-1"]
[WhiteElo "2106"]
[BlackElo "2183"]
[PlyCount "86"]
[EventDate "2023.02.14"]
[EventType "swiss (blitz)"]
[EventRounds "11"]
[EventCountry "USA"]
[SourceTitle "CBM 212 Extra"]
[Source "ChessBase"]
[SourceDate "2023.03.31"]
[SourceVersion "1"]
[SourceVersionDate "2023.03.31"]
[SourceQuality "1"]

1. e4 e6 2. d4 d5 3. e5 c5 4. c3 Nc6 5. Nf3 Qb6 6. a3 c4 7. Nbd2 Na5 8. Rb1 Bd7 9. Be2 Ne7 10. 0-0 Qc7 11. Re1 Nc8 12. Qc2 h6 13. Nf1 Nb6 14. Bf4 Ba4 15. Qd2 0-0-0 16. h4 Be7 17. Ng3 Rdg8 18. h5 Kb8 19. Bd1 Bxd1 20. Rexd1 a6 21. Qe3 Ka7 22. Nd2 Rb8 23. b4 cxb3 24. Nxb3 Nxb3 25. Rxb3 Nc4 26. Qe2 Nxa3 27. Ra1 Nc4 28. Qg4 Rhg8 29. Nf1 b5 30. Qe2 Rgc8 31. Ne3 Nxe3 32. Bxe3 Qc4 33. Qa2 Rc6 34. Qb2 Rbb6 35. g4 Kb7 36. Qc2 b4 37. Rab1 bxc3 38. Rxb6+ Rxb6 39. Rxb6+ Kxb6 40. Qh7 c2 41. Bc1 Qe2 42. Be3 Bg5 43. Qxg7 Bxe3 0-1

[Event "Titled Tuesday intern op 14th Feb Early"]
[Site "Chess.com INT"]
[Date "2023.02.14"]
[Round "3"]
[White "Nadanian, Ashot S"]
[Black "Wilson, Elvin"]
[Result "1-0"]
[WhiteElo "2279"]
[BlackElo "2183"]
[PlyCount "57"]
[EventDate "2023.02.14"]
[EventType "swiss (blitz)"]
[EventRounds "11"]
[EventCountry "USA"]
[SourceTitle "CBM 212 Extra"]
[Source "ChessBase"]
[SourceDate "2023.03.31"]
[SourceVersion "1"]
[SourceVersionDate "2023.03.31"]
[SourceQuality "1"]

1. e4 e6 2. Bb5 a6 3. Ba4 b5 4. Bb3 d5 5. exd5 exd5 6. d4 Nf6 7. Nf3 c5 8. dxc5 Bxc5 9. 0-0 0-0 10. Bg5 Bb7 11. c3 h6 12. Bh4 g5 13. Bg3 Ne4 14. Nbd2 Nxg3 15. hxg3 Nd7 16. Nd4 Nf6 17. Nf5 Kh7 18. Bc2 Ne4 19. Nb3 Bb6 20. Nbd4 Qf6 21. f3 Qxf5 22. fxe4 Qe5 23. Rf5 Qxg3 24. exd5 Kg8 25. Rf3 Qe5 26. Qd3 f5 27. Re3 Qxd5 28. Bb3 f4 29. Qg6+ 1-0

[Event "Titled Tuesday intern op 07th Feb Early"]
[Site "Chess.com INT"]
[Date "2023.02.07"]
[Round "5"]
[White "Malka, Samuel"]
[Black "Wilson, Elvin"]
[Result "1-0"]
[WhiteElo "2166"]
[BlackElo "2183"]
[PlyCount "87"]
[EventDate "2023.02.07"]
[EventType "swiss (blitz)"]
[EventRounds "11"]
[EventCountry "USA"]
[SourceTitle "EXT 2024"]
[Source "ChessBase"]
[SourceDate "2023.10.10"]
[SourceVersion "1"]
[SourceVersionDate "2023.10.10"]
[SourceQuality "1"]

1. d4 Nf6 2. c4 e6 3. Nf3 d5 4. g3 Bb4+ 5. Bd2 a5 6. Bg2 dxc4 7. Qc1 Nc6 8. Qxc4 Qd5 9. Qxd5 exd5 10. 0-0 Bg4 11. a3 Bd6 12. Bc3 Ne4 13. Nbd2 Nxd2 14. Nxd2 Ne7 15. e4 dxe4 16. Nxe4 0-0-0 17. Bxa5 Nc6 18. Bc3 Be7 19. d5 Rxd5 20. Nf6 Bxf6 21. Bxd5 Bxc3 22. bxc3 Nd8 23. Rfe1 c6 24. Bc4 Be6 25. Bxe6+ Nxe6 26. Rad1 Kc7 27. f4 g6 28. Kf2 Ra8 29. Ra1 h5 30. a4 Ra5 31. Re5 Ra6 32. f5 gxf5 33. Rxf5 Nd8 34. Rxh5 c5 35. Rxc5+ Kb8 36. h4 Rf6+ 37. Kg2 Nc6 38. Re1 Rd6 39. Re2 Kc7 40. Rf5 f6 41. h5 Kd7 42. h6 Ne7 43. Rf4 Ng6 44. Rd4 1-0

[Event "Titled Tuesday intern op 07th Feb Early"]
[Site "Chess.com INT"]
[Date "2023.02.07"]
[Round "6"]
[White "Wilson, Elvin"]
[Black "Gatterer, Florian"]
[Result "1/2-1/2"]
[WhiteElo "2183"]
[BlackElo "2175"]
[PlyCount "70"]
[EventDate "2023.02.07"]
[EventType "swiss (blitz)"]
[EventRounds "11"]
[EventCountry "USA"]
[SourceTitle "EXT 2024"]
[Source "ChessBase"]
[SourceDate "2023.10.10"]
[SourceVersion "1"]
[SourceVersionDate "2023.10.10"]
[SourceQuality "1"]

1. c4 c6 2. g3 d5 3. Nf3 Nf6 4. Bg2 g6 5. b3 Bg7 6. Bb2 0-0 7. 0-0 Bg4 8. d3 Bxf3 9. Bxf3 Re8 10. Nd2 e5 11. e4 dxe4 12. dxe4 Nbd7 13. Qc2 Nc5 14. Rfd1 Qd3 15. Qxd3 Nxd3 16. Bc3 Bf8 17. Nf1 Nc5 18. Re1 Rad8 19. Re2 Rd3 20. Re3 Rxe3 21. Nxe3 Nfxe4 22. Bb2 Ng5 23. Be2 f6 24. Rd1 Be7 25. b4 Nce6 26. c5 Rd8 27. Bc4 Rxd1+ 28. Nxd1 Kf7 29. Kg2 a5 30. a3 axb4 31. axb4 Ne4 32. Ne3 h5 33. f4 exf4 34. gxf4 f5 35. Kf3 Bf6 1/2-1/2

[Event "Titled Tuesday intern op 31st Jan Late"]
[Site "Chess.com INT"]
[Date "2023.01.31"]
[Round "2"]
[White "Corrales Jimenez, Fidel"]
[Black "Wilson, Elvin"]
[Result "1-0"]
[WhiteElo "2501"]
[BlackElo "2183"]
[PlyCount "93"]
[EventDate "2023.01.31"]
[EventType "swiss (blitz)"]
[EventRounds "11"]
[EventCountry "USA"]
[SourceTitle "CBM 212 Extra"]
[Source "ChessBase"]
[SourceDate "2023.03.31"]
[SourceVersion "1"]
[SourceVersionDate "2023.03.31"]
[SourceQuality "1"]

1. e4 e6 2. d4 d5 3. e5 c5 4. c3 Nc6 5. Nf3 Qb6 6. a3 c4 7. Be2 Bd7 8. Nbd2 Na5 9. 0-0 Ne7 10. Re1 h6 11. h4 0-0-0 12. h5 Kb8 13. Nh2 Nc8 14. Bg4 Be7 15. Rb1 Qc7 16. Ndf1 Nb6 17. Qe2 a6 18. Bh3 Ka7 19. Bf4 Rdg8 20. Bg3 Ba4 21. Ne3 Qd8 22. Rf1 Bd7 23. f4 g6 24. hxg6 fxg6 25. Neg4 Rf8 26. Rbe1 Bc8 27. Nf6 Bxf6 28. exf6 Rxf6 29. Ng4 Rff8 30. Qe5 Nc6 31. Qe3 Re8 32. Ne5 Nxe5 33. Qxe5 Nd7 34. Qd6 Nf6 35. Qxd8 Rxd8 36. Bh4 Rdf8 37. Bxe6 Ne4 38. Bxd5 Nf6 39. Bxf6 Rxf6 40. Bxc4 Rhf8 41. g3 Bh3 42. Rf2 g5 43. Kh2 Bd7 44. Ref1 h5 45. Bd5 h4 46. gxh4 gxf4 47. c4 1-0

[Event "Titled Tuesday intern op 31st Jan Late"]
[Site "Chess.com INT"]
[Date "2023.01.31"]
[Round "10"]
[White "Kohler, Aran"]
[Black "Wilson, Elvin"]
[Result "1-0"]
[WhiteElo "2010"]
[BlackElo "2183"]
[PlyCount "69"]
[EventDate "2023.01.31"]
[EventType "swiss (blitz)"]
[EventRounds "11"]
[EventCountry "USA"]
[SourceTitle "CBM 212 Extra"]
[Source "ChessBase"]
[SourceDate "2023.03.31"]
[SourceVersion "1"]
[SourceVersionDate "2023.03.31"]
[SourceQuality "1"]

1. Nf3 Nf6 2. d4 e6 3. Bg5 c5 4. e3 h6 5. Bxf6 Qxf6 6. c3 b6 7. Nbd2 Bb7 8. Bd3 g6 9. Be4 d5 10. Bc2 Bg7 11. Ba4+ Ke7 12. Ne5 Rd8 13. f4 Kf8 14. 0-0 a6 15. Bc2 Kg8 16. Rf3 Nd7 17. Rg3 Nxe5 18. fxe5 Qe7 19. Qg4 b5 20. Rf1 Rf8 21. h4 h5 22. Qe2 Qxh4 23. Rh3 Qg4 24. Qxg4 hxg4 25. Rg3 Bh6 26. Kf2 b4 27. Rxg4 a5 28. Nb3 cxd4 29. cxd4 Ba6 30. Rh1 Bg7 31. Nc5 Rfc8 32. Bb1 Bf8 33. Nd7 Bg7 34. Nf6+ Bxf6 35. exf6 1-0

[Event "Titled Tuesday intern op 31st Jan Early"]
[Site "Chess.com INT"]
[Date "2023.01.31"]
[Round "3"]
[White "Wilson, Elvin"]
[Black "Malka, Samuel"]
[Result "0-1"]
[WhiteElo "2183"]
[BlackElo "2236"]
[PlyCount "74"]
[EventDate "2023.01.31"]
[EventType "swiss (blitz)"]
[EventRounds "11"]
[EventCountry "USA"]
[SourceTitle "CBM 212 Extra"]
[Source "ChessBase"]
[SourceDate "2023.03.31"]
[SourceVersion "1"]
[SourceVersionDate "2023.03.31"]
[SourceQuality "1"]

1. c4 g6 2. g3 Bg7 3. Bg2 c5 4. Nc3 Nc6 5. e4 d6 6. Nge2 Nf6 7. 0-0 0-0 8. d3 Ne8 9. Be3 Nd4 10. Rb1 a5 11. Nb5 e5 12. Nexd4 cxd4 13. Bd2 Nc7 14. Nxc7 Qxc7 15. f4 f5 16. exf5 Bxf5 17. Qf3 Rab8 18. Qd5+ Kh8 19. fxe5 dxe5 20. Bxa5 b6 21. Bb4 Rfd8 22. Qf3 b5 23. Rbc1 bxc4 24. Rxc4 Qd7 25. Rfc1 Qb5 26. a3 Bh6 27. R1c2 Be3+ 28. Kh1 Qb6 29. Qe2 Qe6 30. Be4 Bxe4+ 31. dxe4 d3 32. Qxe3 dxc2 33. Rxc2 Rbc8 34. Bc3 Rd1+ 35. Kg2 Rf8 36. Rd2 Rxd2+ 37. Qxd2 Re8 0-1

[Event "Titled Tuesday intern op 17th Jan Early"]
[Site "Chess.com INT"]
[Date "2023.01.17"]
[Round "6"]
[White "Kvaloy, Aksel Bu"]
[Black "Wilson, Elvin"]
[Result "1-0"]
[WhiteElo "2233"]
[BlackElo "2183"]
[PlyCount "171"]
[EventDate "2023.01.17"]
[EventType "swiss (blitz)"]
[EventRounds "11"]
[EventCountry "USA"]
[SourceTitle "CBM 212 Extra"]
[Source "ChessBase"]
[SourceDate "2023.03.31"]
[SourceVersion "1"]
[SourceVersionDate "2023.03.31"]
[SourceQuality "1"]

1. d4 Nf6 2. c4 e6 3. g3 d5 4. Nf3 Bb4+ 5. Bd2 Be7 6. Bg2 0-0 7. 0-0 c6 8. Qc2 Nbd7 9. Bf4 Nh5 10. Bc1 b6 11. e4 dxe4 12. Qxe4 Bb7 13. Nc3 Nhf6 14. Qe2 c5 15. Rd1 cxd4 16. Nxd4 Bxg2 17. Kxg2 Qc8 18. b3 a6 19. Bb2 Qc7 20. Qf3 Rac8 21. Rac1 Rfd8 22. h3 Ne5 23. Qe2 Qb7+ 24. Kg1 Bd6 25. Re1 Bb8 26. Ne4 Nxe4 27. Qxe4 Qxe4 28. Rxe4 Nd3 29. Rb1 Nxb2 30. Rxb2 f5 31. Rxe6 Rxd4 32. Rxb6 a5 33. Ra6 Bc7 34. Re2 Kf7 35. Ra7 Rd7 36. Kg2 Rcd8 37. Ra6 Rd6 38. Ra7 R8d7 39. Re5 Bd8 40. Rxf5+ Kg6 41. Rxd7 Rxd7 42. Rb5 Rd2 43. a3 Ra2 44. a4 Rd2 45. b4 axb4 46. Rxb4 Be7 47. Rb5 Rc2 48. Rb6+ Kf7 49. Rc6 Ra2 50. Ra6 Rc2 51. Rc6 Ra2 52. Kf3 Rxa4 53. Ke4 Ra2 54. f3 Rh2 55. h4 Re2+ 56. Kd3 Rg2 57. g4 Bxh4 58. Rc7+ Be7 59. Ke4 Re2+ 60. Kf4 Rc2 61. Rc6 Bf6 62. g5 Be7 63. Kf5 g6+ 64. Ke5 Rc3 65. f4 Re3+ 66. Kd4 Rf3 67. Ke4 Rc3 68. Rc7 Rc1 69. Kd5 Rd1+ 70. Ke4 Rc1 71. Rc6 Re1+ 72. Kf3 Rf1+ 73. Ke3 Rc1 74. Ke4 Re1+ 75. Kf3 Rc1 76. Rc8 Ke6 77. Kg4 Rg1+ 78. Kf3 Rf1+ 79. Ke4 Bd6 80. Re8+ Kd7 81. Rh8 Rxf4+ 82. Kd3 Rf7 83. Ke4 Ke6 84. Kd4 Rd7 85. Ke4 Be7 86. Rxh7 1-0

[Event "Titled Tuesday intern op 17th Jan Early"]
[Site "Chess.com INT"]
[Date "2023.01.17"]
[Round "9"]
[White "Wilson, Elvin"]
[Black "Cueto, Jose"]
[Result "0-1"]
[WhiteElo "2183"]
[BlackElo "2134"]
[PlyCount "98"]
[EventDate "2023.01.17"]
[EventType "swiss (blitz)"]
[EventRounds "11"]
[EventCountry "USA"]
[SourceTitle "CBM 212 Extra"]
[Source "ChessBase"]
[SourceDate "2023.03.31"]
[SourceVersion "1"]
[SourceVersionDate "2023.03.31"]
[SourceQuality "1"]

1. c4 e6 2. g3 Nf6 3. Bg2 Be7 4. Nf3 0-0 5. 0-0 d5 6. b3 c6 7. Bb2 Nbd7 8. d3 b6 9. Nbd2 Bb7 10. Qc2 Rc8 11. e4 dxe4 12. dxe4 c5 13. e5 Ne8 14. Ne4 Qc7 15. Rad1 Nb8 16. Nd6 Nxd6 17. exd6 Bxd6 18. Rxd6 Bxf3 19. Qc3 f6 20. Rxe6 Bxg2 21. Kxg2 Nc6 22. Rfe1 Ne5 23. Qd2 Qb7+ 24. Kf1 Nf3 25. Qd5 Qxd5 26. cxd5 Nxe1 27. Kxe1 Rfe8 28. f4 Kf8 29. f5 Rxe6+ 30. dxe6 Ke7 31. Ke2 c4 32. bxc4 Rxc4 33. Kd2 Rc5 34. g4 Rc4 35. h3 Rf4 36. Ke2 h5 37. Bc1 Re4+ 38. Kf3 Ra4 39. g5 Rxa2 40. gxf6+ gxf6 41. Bf4 Ra3+ 42. Kg2 Ra4 43. Bh6 Rc4 44. Bd2 b5 45. Kf3 b4 46. Ke3 a5 47. Kd3 Rh4 48. Be3 Rxh3 49. Kc2 Rxe3 0-1